Current Engilsh for Colleges (Record no. 17)

MARC details
000 -LEADER
fixed length control field 00359nam a22001577a 4500
020 ## - INTERNATIONAL STANDARD BOOK NUMBER
International Standard Book Number 978-93-5138-171-6
041 ## - LANGUAGE CODE
Language code of text/sound track or separate title ENG
100 ## - MAIN ENTRY--PERSONAL NAME
Personal name N.Krishnaswamy
245 ## - TITLE STATEMENT
Title Current Engilsh for Colleges
250 ## - EDITION STATEMENT
Edition statement stusent edition
260 ## - PUBLICATION, DISTRIBUTION, ETC. (IMPRINT)
Place of publication, distribution, etc Delhi
Name of publisher, distributor, etc Trinity
Date of publication, distribution, etc 2016
300 ## - PHYSICAL DESCRIPTION
Extent 168
650 ## - SUBJECT ADDED ENTRY--TOPICAL TERM
Topical term or geographic name as entry element English
700 ## - ADDED ENTRY--PERSONAL NAME
Personal name Sriaman .T
856 ## - ELECTRONIC LOCATION AND ACCESS
Uniform Resource Identifier Compuetitive Exam
Holdings
Withdrawn status Lost status Source of classification or shelving scheme Damaged status Not for loan Home library Current library Shelving location Date acquired Cost, normal purchase price Barcode Date last seen Price effective from Koha item type Total Checkouts
    Dewey Decimal Classification     College of Agricultural Engineering and Technology, Dapoli , Library College of Agricultural Engineering and Technology, Dapoli , Library General Stacks 09/10/2020 125.00 007399 09/10/2020 09/10/2020 Books  
    Dewey Decimal Classification     College of Agricultural Engineering and Technology, Dapoli , Library College of Agricultural Engineering and Technology, Dapoli , Library Book Cart 08/08/2022 125.00 007899 08/08/2022 08/08/2022 Books  

Contact Us: College of Agricultural Engineering and Technology, Dapoli, Dist.- Ratnagiri
Website: https://dbskkv.org Email: caetlibrary2015@gmail.com